| 000 | 01418cam a2200325 a 4500 | ||
|---|---|---|---|
| 001 | 14648888 | ||
| 005 | 20121004101122.0 | ||
| 008 | 061128s2007 nyua b 001 0 eng | ||
| 010 | _a 2006286423 | ||
| 020 | _a047172064X (alk. paper) | ||
| 020 | _a9780471720645 (alk. paper) | ||
| 040 |
_aDLC _cDLC _dDLC |
||
| 050 | 0 | 0 |
_aTA340 _b.A5 2007 |
| 082 | 0 | 0 |
_a620.0015192 _222 _bANG |
| 100 | 1 |
_aAng, Alfredo Hua-Sing, _d1930- _927509 |
|
| 245 | 1 | 0 |
_aProbability Concepts in Engineering : _bEmphasis on Applications in Civil & Environmental Engineering / _cAlfredo H-S. Ang, Wilson H. Tang. |
| 250 | _a2nd ed. | ||
| 260 |
_aNew York : _bWiley, 2007 _cc2007. |
||
| 300 |
_axiii, 406 p. : _bill. ; _c26 cm. |
||
| 500 | _aRev. ed. of: Probability concepts in engineering planning and design. 1975-c1984. | ||
| 650 | 0 |
_aEngineering _xStatistical methods. _927510 |
|
| 650 | 0 |
_aProbabilities. _927511 |
|
| 653 |
_bCiv _cOctober2011 _cOctober2012 |
||
| 700 | 1 |
_aTang, Wilson H. _927512 |
|
| 700 | 1 |
_aAng, Alfredo Hua-Sing, _d1930- _tProbability concepts in engineering planning and design. _927513 |
|
| 856 | 4 | 2 |
_3Publisher description _uhttp://www.loc.gov/catdir/enhancements/fy0643/2006286423-d.html |
| 856 | 4 | 1 |
_3Table of contents only _uhttp://www.loc.gov/catdir/enhancements/fy0643/2006286423-t.html |
| 942 |
_2ddc _cNB |
||
| 999 |
_c16137 _d16137 |
||